|
|
|
|
| LEADER |
00000nab a2200000 a 4500 |
| 001 |
vtls000392878 |
| 003 |
SK-MaSNL |
| 005 |
20260302223347.0 |
| 008 |
160201c1987 xo 0 cze |
| 015 |
|
|
|a SNBRA19rr/mm-uuuuu
|
| 035 |
|
|
|a CL0393002
|
| 040 |
|
|
|a SNKBUCL
|b slo
|c SNKBUCL
|e AACR2
|
| 041 |
0 |
|
|a cze
|
| 044 |
|
|
|a xo
|c SK
|
| 080 |
|
|
|a 621.372.63.029.63:621.382.323
|2 1981
|
| 080 |
|
|
|a 621.382.323
|2 1981
|
| 100 |
1 |
|
|a Bezoušek, Pavel,
|d 1943-
|4 aut
|9 134774
|
| 245 |
1 |
0 |
|a Analýza symetrického směšovače s tranzistory MESFET
|c P. Bezoušek
|
| 300 |
|
|
|b Tb. 1. Grafy 2. Res. angl., lit. 1 zázn. v češ.
|
| 650 |
0 |
7 |
|a obvody mikrovlnové
|2 snkbucl
|9 952891
|
| 650 |
0 |
7 |
|a zmiešavače monolitické symetrické
|2 snkbucl
|9 952892
|
| 650 |
0 |
7 |
|a tranzistory MESFET
|2 snkbucl
|9 952893
|
| 655 |
|
7 |
|a články zo zborníkov
|2 snkbucl
|9 166140
|
| 773 |
0 |
|
|t MITEKO 87
|d Bratislava : Dom techniky ČSVTS, 1987
|g S. 105-106
|
| 850 |
|
|
|a Slovenská národná knižnica v Martine
|a MTA001
|
| 852 |
|
|
|a SNK
|b KIS3GCP
|
| 958 |
|
|
|a RK
|
| 958 |
|
|
|a CZ
|
| 992 |
|
|
|a RZB
|
| 999 |
|
|
|c 1520121
|d 1522051
|